000 00948nam a2200181Ia 4500
008 100921s9999 xx 000 0 und d
082 _b38510
_a920.02 न 03
100 _aनाडकर्णी ज्ञानेश्वर.
245 _aप्रतिभेच्या पाऊलवाटा.(प्रतिभावंत).
260 _bमॅजेस्टीक बुक स्टॉल,मुंबई.
_c2003
300 _a353
_bकलाभारती वितरण,पुणे
365 _b250
520 _aचरित्र- संग्रह,व्यिक्तचित्रे.
630 _aप्रतिभेच्या पाऊलवाटा.(प्रतिभावंत).
650 _aचरित्र- संग्रह,व्यिक्तचित्रे.
730 _aप्रतिभेच्या पाऊलवाटा.(प्रतिभावंत).
942 _cBOOK
999 _c787623
_d787620